02238cam a22002775a 4500999001700000005001700017008004100034020001800075040005000093043001200143082002000155100002100175245011600196250001300312260006300325300003600388504005200424520116000476650003801636650004101674651004001715653002201755776003501777942000801812952014001820 c27272d2724320190327140100.0171219t2018 enka fr 001 0 eng d z9781138059719 aStDuBDSbengcStDuBDSdUkdEG-ScBUEdEG-ScBUE af------04a338.96bABE2221 aAbegaz, Berhanu.10aIndustrial development in Africa :bmapping industrialization pathways for a leaping leopard /cBerhanu Abegaz. a1st. ed. aOxon ;aNew York :bRoutledge / Taylor & Francis,cc.2018. axviii, 305 p. :bill. ;c24 cm. aIncludes bibliographical references and index.  aIndustrial Development in Africa critically synthesizes and reframes the debates on African industrial development in a capability-opportunity framework. It recasts the challenge in a broader comparative context of successive waves of catchup industrialization experiences in the European periphery, Latin America, and East Asia. Berhanu Abegaz explores the case for resource-based and factor-based industrialization in North Africa and Sub-Saharan Africa by drawing on insights from the history of industrialization, development economics, political economy, and institutional economics. Unpacking complex and diverse experiences, the chapters look at Africa at several levels: continent-wide, sub-regions on both sides of the Sahara, and present analytical case studies of 12 representative countries: Egypt, Tunisia, Ethiopia, Kenya, Tanzania, Mauritius, Zimbabwe, South Africa, Ghana, Nigeria, Senegal, and Cote d’Ivoire. Industrial Development in Africa will be of interest to undergraduate and graduate students studying African development, African economics, and late-stage industrialization. The book will also be of interest to policymakers. 7aIndustrializationzAfrica.2BUEsh 7aEconomic developmentzAfrica.2BUEsh 7aAfricaxEconomic conditions.2BUEsh bBUSBOLcMarch201908iPrint version :z9781138059702 2ddc 00102ddc40708AlahramaMAINbMAINc1STd2019-03-20ePurchaseg689.00h526l0o338.96 ABEp000043277r2025-07-15 00:00:00v861.25yBB